Am Rand unserer Lebenszeit : Gedichte /

Bibliographic Details
Main Author: Fried, Erich
Format: Book
Language:German
Published: Berlin : K. Wagenbach, [1987?]
Series:Quartheft ; 156

MARC

Tag First Indicator Second Indicator Subfields
LEADER 00000cam a2200000 a 4500
001 in00000015859
005 20151007052622.0
008 871231s1987 gw 00010 ger d
020 |z 3803101567 
035 |a (OCoLC)17294915 
035 |9 AAA8539AM 
040 |a AZU  |c AZU  |d TXA  |d UtOrBLW 
049 |a TXAM  |c [A12570026] 
050 4 |a PT2611.R596  |b A7 1987 
100 1 |a Fried, Erich. 
245 1 0 |a Am Rand unserer Lebenszeit :  |b Gedichte /  |c Erich Fried. 
264 1 |a Berlin :  |b K. Wagenbach,  |c [1987?] 
300 |a 73 pages ;  |c 21 cm. 
336 |a text  |b txt  |2 rdacontent 
337 |a unmediated  |b n  |2 rdamedia 
338 |a volume  |b nc  |2 rdacarrier 
490 0 |a Quartheft ;  |v 156 
999 |a MARS 
999 f f |s 5ea0c98a-9161-3e25-a211-0e420d7be44d  |i 7091d12f-3b49-32aa-a6e2-43d90a4ac5db  |t 0 
952 f f |p ric  |a Texas A&M University  |b Rellis Campus  |c Joint Library Facility  |d Remote Storage  |t 0  |e PT2611.R596 A7 1987  |h Library of Congress classification  |i unmediated -- volume  |m A14812570026 
998 f f |a PT2611.R596 A7 1987  |t 0  |l Remote Storage